000 00810 a2200265 4500
999 _c200003139
_d34135
001 200003139
003 TR-AnTOB
005 20260318140640.0
008 120118b tu 000 0
020 _a9754641692
040 _cANKA
_dTR-AnTOB
_aTR-AnTOB
_beng
_erda
041 0 _atur
050 4 _aKKX2720
_b.S49 2000
090 _aKKX2720.S49 2000
100 1 _aSezginer, Murat
_973192
245 1 0 _aİptal davasının uygulama alanı bakımından ayrılabilir işlem kuramı /
_cMurat Sezginer.
246 _aAyrılabilir işlem kuramı.
264 1 _aAnkara :
_bYetkin Yayınları,
_cc2000.
300 _a198 p.;|c 24 cm.
650 0 _aAdministrative law
_zTurkey
_910432
650 0 _aHükümsüzlük
_zTürkiye
_991622
650 0 _aİdare hukuku
_zTürkiye
_910433
942 _cBK
_2lcc